00743nam a2200229Ia 450000500170000000800410001702000150005804000180007304100080009108200210009910000200012024500940014025000120023426000550024630000300030165000350033165000420036665000250040865000440043370000170047770000190049420230518095842.0210716s2003 xx 000 0 und d a8175151293 cAIMIT LIBRARY aeng a004.62 22bORFR aOrfali, Robert. aEssential client/ server survival guide /cBy Robert Orfali, Dan Harkey and Jeri Edwards. a2nd ed. aNew Delhi :bGalgotia Publication Pvt Ltd ,c2003. axxvi, 676p. ;bPBc24 cm. aClient /server building blocks aClients servers and operating systems aSql database servers aClient /server with distributed objects aHarkey, Dan. aEdwards, Jeri.